000 00311nam a22001337a 4500
008 171102b xxu||||| |||| 00| 0 eng d
020 _a9780072423242
041 _aeng
080 _210TH
_a33
100 _a59
101 _aBUS
245 _aINTRODUCTION TO INFORMATION SYSTEMS
_cO'BRIEN,J.A
942 _2udc
_cBK
999 _c37230
_d37230